Pinocchio / (Record no. 4709)

MARC details
000 -LEADER
fixed length control field 00816nam a22002417a 4500
001 - CONTROL NUMBER
control field 4709
003 - CONTROL NUMBER IDENTIFIER
control field FISKH
005 - DATE AND TIME OF LATEST TRANSACTION
control field 20241024145109.0
008 - FIXED-LENGTH DATA ELEMENTS--GENERAL INFORMATION
fixed length control field 240923b cb ||||| |||| 00| 0 eng d
020 ## - INTERNATIONAL STANDARD BOOK NUMBER
International Standard Book Number 9781786170248
040 ## - CATALOGING SOURCE
Original cataloging agency FISKH
Language of cataloging eng
Transcribing agency FISKH
Modifying agency FISKH
050 ## - LIBRARY OF CONGRESS CALL NUMBER
Classification number PZ8.L887
082 ## - DEWEY DECIMAL CLASSIFICATION NUMBER
Classification number 853.8
100 ## - MAIN ENTRY--PERSONAL NAME
Personal name Collodi, Carlo
245 ## - TITLE STATEMENT
Title Pinocchio /
Statement of responsibility, etc. Carlo Collodi ; illustrated Elisa Vavouri
260 ## - PUBLICATION, DISTRIBUTION, ETC.
Place of publication, distribution, etc. Essex :
Name of publisher, distributor, etc. Miles Kelly,
Date of publication, distribution, etc. 2016
300 ## - PHYSICAL DESCRIPTION
Extent 320 pages :
Other physical details color illustrations ;
Dimensions 17 cm
520 ## - SUMMARY, ETC.
Summary, etc. Pinocchio, a wooden puppet full of tricks and mischief, with a talent for getting into and out of trouble, wants more than anything else to become a real boy.
650 ## - SUBJECT ADDED ENTRY--TOPICAL TERM
Topical term or geographic name entry element Children's Books
Form subdivision Fairy Tales
700 ## - ADDED ENTRY--PERSONAL NAME
Personal name Vavouri, Elisa
Relator term Illustrator
942 ## - ADDED ENTRY ELEMENTS (KOHA)
Source of classification or shelving scheme Dewey Decimal Classification
Koha item type Books
Suppress in OPAC No
Holdings
Withdrawn status Lost status Source of classification or shelving scheme Damaged status Not for loan Collection Home library Current library Shelving location Date acquired Total Checkouts Full call number Barcode Date due Date last seen Date last checked out Price effective from Koha item type
    Dewey Decimal Classification     Juvenile Fiction Footprints International School Library Network Toul Kork Campus Footprints International School Library Network Toul Kork Campus A TK Campus, 4th Floor, Room B401, Fiction Bookcases (1-6) 09/23/2024 1 853.8 COL PZ8.L887 2024-2067 04/15/2026 04/01/2026 04/01/2026 09/23/2024 Books